000 01627cad a2200265 4500
001 L158659
008 100215n2013 000 0 eng u
020 _a9781783210305
035 _a(Sirsi) u158659
041 _aeng
100 1 _aAlmahmoud, Essam
111 2 _aConstruction and Building Research Conference
_cIIT Delhi, New Delhi
_d10-12 September 2013
245 0 0 _aAnalysis of stakeholders' influences on construction processes using social network analysis
_h[electronic resource]
260 _aLondon
_bRICS
_c2013
490 0 _aCOBRA
_v2013
520 _aA paper presented at the COBRA Conference in New Delhi on 10-12 September 2013. Looks at stakeholders' perceived influence on projects in the construction world using the Social Network Analysis (SNA) approach. In order to understand the relative influence of stakeholders on construction processes over project development phases, a holistic social network of the entire stakeholders groups associated with project development and operational environments must be developed. Adopting the SNA methodology, this research aims to firstly, identify all the underlying stakeholders according to their roles in the project and secondly, demonstrate how clusters of decisions can be processed at an appropriate level by reflecting the situation in practice within the project.
650 2 4 _aCONSTRUCTION AND BUILDING RESEARCH CONFERENCE (COBRA)
650 2 4 _aCONSTRUCTION PROJECTS
650 2 4 _aSOCIAL NETWORK ANALYSIS
650 2 4 _aSTAKEHOLDERS
651 4 _aAustralia
690 _aProject management
_96261
700 1 _aDoloi, Hemanta
942 _n0
999 _c115438
_d115438